[Event "Ch_SFO"]
[Site "?"]
[Date "2018.03.18"]
[Round "5.11"]
[White "Kuznetsov, Andrei S"]
[Black "Boiarintsev, Vitaly"]
[Result "1/2-1/2"]
[BlackElo "2342"]
[WhiteElo "2259"]
[LiveChessVersion "1.4.8"]

1. e4 {[%clk 1:14:24]} g6 {[%clk 1:30:51]} 2. Nf3 {[%clk 1:14:05]} Bg7
{[%clk 1:31:16]} 3. d4 {[%clk 1:13:14]} c5 {[%clk 1:31:39]} 4. c3
{[%clk 1:11:46]} Qc7 {[%clk 1:31:52]} 5. Be3 {[%clk 1:11:23]} Nf6
{[%clk 1:32:04]} 6. Nbd2 {[%clk 1:09:18]} Ng4 {[%clk 1:30:20]} 7. Bg5
{[%clk 1:06:42]} h6 {[%clk 1:30:13]} 8. Bh4 {[%clk 1:07:04]} d6 {[%clk 1:28:09]}
9. h3 {[%clk 1:03:51]} Nf6 {[%clk 1:28:16]} 10. Bg3 {[%clk 1:02:13]} cxd4
{[%clk 1:22:55]} 11. Nxd4 {[%clk 0:59:04]} O-O {[%clk 1:23:05]} 12. Bd3
{[%clk 0:58:41]} e5 {[%clk 1:19:34]} 13. Nb5 {[%clk 0:51:45]} Qc6
{[%clk 1:18:06]} 14. c4 {[%clk 0:50:59]} Na6 {[%clk 1:17:49]} 15. Bh4
{[%clk 0:48:17]} Nc5 {[%clk 1:17:36]} 16. Qf3 {[%clk 0:48:20]} g5
{[%clk 1:16:01]} 17. Bg3 {[%clk 0:48:47]} Nh5 {[%clk 1:15:50]} 18. O-O
{[%clk 0:47:48]} f5 {[%clk 1:15:48]} 19. Bc2 {[%clk 0:46:27]} Nxg3
{[%clk 1:11:26]} 20. fxg3 {[%clk 0:42:08]} Qb6 {[%clk 1:01:48]} 21. exf5
{[%clk 0:37:14]} e4 {[%clk 1:00:07]} 22. Qe3 {[%clk 0:35:43]} a6 {[%clk 0:45:01]}
23. Nxe4 {[%clk 0:34:14]} Bxf5 {[%clk 0:41:46]} 24. Nbxd6 {[%clk 0:34:14]} Bxe4
{[%clk 0:41:50]} 25. Nxe4 {[%clk 0:23:21]} Qxb2 26. Qe2 {[%clk 0:23:15]} Nxe4
{[%clk 0:40:11]} 27. Qxe4 {[%clk 0:23:20]} Qd4+ 28. Kh2 {[%clk 0:23:20]} Qxe4
{[%clk 0:40:46]} 29. Bxe4 {[%clk 0:23:49]} Bxa1 {[%clk 0:41:05]} 30. Rxa1
{[%clk 0:24:17]} Rab8 {[%clk 0:41:12]} 31. a4 {[%clk 0:23:38]} b6
{[%clk 0:40:12]} 32. a5 {[%clk 0:21:59]} Rfc8 {[%clk 0:39:58]} 33. axb6
{[%clk 0:21:59]} Rxb6 {[%clk 0:40:09]} 34. Ra5 {[%clk 0:22:25]} Rc7
{[%clk 0:38:15]} 35. c5 {[%clk 0:20:55]} Rf6 {[%clk 0:37:21]} 36. c6
{[%clk 0:21:09]} Kg7 {[%clk 0:21:20]} 37. Rxa6 {[%clk 0:21:09]} h5 38. Ra5
{[%clk 0:18:04]} Kh6 {[%clk 0:17:31]} 39. Ra8 {[%clk 0:18:04]} Kg7
{[%clk 0:17:50]} 40. Ra5 {[%clk 0:18:22]} Kh6 {[%clk 0:18:15]} 41. Ra8
{[%clk 0:17:26]} Kg7 {[%clk 0:18:37]} 42. Ra5 {[%clk 0:17:02]} Kh6
{[%clk 0:18:59]} 43. Ra8 {[%clk 0:16:44]} Kg7 {[%clk 0:19:21]} 44. Ra5
{[%clk 0:16:54]} 1/2-1/2

[Event "Ch_SFO"]
[Site "?"]
[Date "2018.03.18"]
[Round "5.13"]
[White "Ponomarev, Grigori"]
[Black "Ergeshov, Timur"]
[Result "1-0"]
[BlackElo "2276"]
[WhiteElo "2120"]
[LiveChessVersion "1.4.8"]

1. e4 {[%clk 1:30:47]} c5 {[%clk 1:26:58]} 2. Nf3 {[%clk 1:31:09]} d6
{[%clk 1:26:56]} 3. d4 {[%clk 1:31:15]} cxd4 {[%clk 1:27:17]} 4. Nxd4
{[%clk 1:31:39]} Nf6 {[%clk 1:27:42]} 5. Nc3 {[%clk 1:32:01]} a6 {[%clk 1:28:07]}
6. g3 {[%clk 1:31:15]} e5 {[%clk 1:28:32]} 7. Nde2 {[%clk 1:31:37]} Be7
{[%clk 1:28:59]} 8. Bg2 {[%clk 1:31:55]} O-O {[%clk 1:29:11]} 9. O-O
{[%clk 1:32:02]} b5 {[%clk 1:29:20]} 10. Nd5 {[%clk 1:30:42]} Nxd5
{[%clk 1:29:20]} 11. Qxd5 {[%clk 1:31:02]} Ra7 {[%clk 1:29:36]} 12. Be3
{[%clk 1:30:28]} Be6 {[%clk 1:29:45]} 13. Qd2 {[%clk 1:30:35]} Rb7
{[%clk 1:29:22]} 14. Nc3 {[%clk 1:27:09]} Nd7 {[%clk 1:19:22]} 15. Nd5
{[%clk 1:22:42]} Bxd5 {[%clk 1:19:39]} 16. Qxd5 {[%clk 1:22:27]} Qc7
{[%clk 1:19:59]} 17. c3 {[%clk 1:20:31]} Nb6 {[%clk 1:19:51]} 18. Bxb6
{[%clk 1:15:30]} Qxb6 {[%clk 1:17:49]} 19. a3 {[%clk 1:13:13]} a5
{[%clk 1:16:33]} 20. Rfd1 {[%clk 1:10:58]} Rc7 {[%clk 1:08:19]} 21. Qb3
{[%clk 1:10:16]} Rc5 {[%clk 0:56:12]} 22. Bf1 {[%clk 1:05:05]} Rb8
{[%clk 0:41:55]} 23. Rd5 {[%clk 0:56:07]} Rxd5 {[%clk 0:41:34]} 24. Qxd5
{[%clk 0:56:22]} g6 {[%clk 0:38:29]} 25. Rd1 {[%clk 0:54:25]} Kg7
{[%clk 0:38:52]} 26. Rd3 {[%clk 0:52:16]} Qc5 {[%clk 0:22:23]} 27. b4
{[%clk 0:51:11]} axb4 {[%clk 0:22:31]} 28. axb4 {[%clk 0:50:21]} Qb6
{[%clk 0:15:09]} 29. Kg2 {[%clk 0:39:54]} Rb7 {[%clk 0:14:06]} 30. Rf3
{[%clk 0:39:45]} Bf6 {[%clk 0:14:20]} 31. h4 {[%clk 0:40:06]} h5 {[%clk 0:12:54]}
32. Bd3 {[%clk 0:39:32]} Qa6 {[%clk 0:12:33]} 33. Bc2 {[%clk 0:37:20]} Rc7
{[%clk 0:06:04]} 34. Bb3 {[%clk 0:33:22]} Qc6 {[%clk 0:06:33]} 35. Qxc6
{[%clk 0:32:12]} Rxc6 {[%clk 0:07:00]} 36. Bd5 {[%clk 0:32:06]} Rc7
{[%clk 0:07:12]} 37. Kf1 {[%clk 0:32:12]} g5 {[%clk 0:07:32]} 38. hxg5
{[%clk 0:31:47]} Bxg5 {[%clk 0:08:01]} 39. Ke2 {[%clk 0:32:08]} Kg6
{[%clk 0:07:39]} 40. Kd3 {[%clk 0:32:10]} f6 {[%clk 0:05:52]} 41. Kc2
{[%clk 0:31:40]} h4 {[%clk 0:05:39]} 42. gxh4 {[%clk 0:32:05]} Bxh4
{[%clk 0:06:07]} 43. Kb2 {[%clk 0:31:48]} Bg5 {[%clk 0:06:07]} 44. Rh3
{[%clk 0:30:46]} f5 {[%clk 0:06:11]} 45. Kc2 {[%clk 0:28:03]} Bf6
{[%clk 0:03:22]} 46. f3 {[%clk 0:25:04]} fxe4 {[%clk 0:00:38]} 47. fxe4
{[%clk 0:24:00]} Kg5 {[%clk 0:00:57]} 48. Rf3 {[%clk 0:22:39]} Kg6
{[%clk 0:00:39]} 49. Rf1 {[%clk 0:22:10]} Bh4 {[%clk 0:00:43]} 50. Kb3
{[%clk 0:21:42]} Bg5 {[%clk 0:00:54]} 51. Rd1 {[%clk 0:21:44]} Kf6
{[%clk 0:00:45]} 52. Bg8 {[%clk 0:20:05]} 1-0

[Event "Ch_SFO"]
[Site "?"]
[Date "2018.03.18"]
[Round "5.14"]
[White "Kalyndu, Aldynbek"]
[Black "Lavrov, Sergey V"]
[Result "0-1"]
[BlackElo "2404"]
[WhiteElo "2088"]
[LiveChessVersion "1.4.8"]

1. d4 {[%clk 1:30:30]} d5 {[%clk 1:30:17]} 2. c4 {[%clk 1:28:52]} e6
{[%clk 1:30:43]} 3. Nf3 {[%clk 1:28:57]} Nf6 {[%clk 1:31:08]} 4. Nc3
{[%clk 1:27:38]} c5 {[%clk 1:31:27]} 5. cxd5 {[%clk 1:27:39]} Nxd5
{[%clk 1:31:23]} 6. e4 {[%clk 1:26:39]} Nxc3 {[%clk 1:31:49]} 7. bxc3
{[%clk 1:27:04]} cxd4 {[%clk 1:32:14]} 8. cxd4 {[%clk 1:27:25]} Bb4+
{[%clk 1:32:42]} 9. Bd2 {[%clk 1:27:36]} Bxd2+ {[%clk 1:33:11]} 10. Qxd2
{[%clk 1:27:54]} O-O {[%clk 1:33:38]} 11. Bc4 {[%clk 1:23:55]} b6
{[%clk 1:33:56]} 12. O-O {[%clk 1:23:57]} Bb7 {[%clk 1:34:00]} 13. d5
{[%clk 1:23:46]} exd5 {[%clk 1:33:54]} 14. Bxd5 {[%clk 1:23:19]} Nc6
{[%clk 1:25:21]} 15. Rac1 {[%clk 1:12:10]} Rc8 {[%clk 1:22:22]} 16. Qf4
{[%clk 1:05:13]} Qe7 {[%clk 1:18:00]} 17. e5 {[%clk 0:57:34]} Nxe5
{[%clk 1:04:52]} 18. Rxc8 {[%clk 0:55:14]} Nxf3+ {[%clk 1:04:29]} 19. Qxf3
{[%clk 0:53:38]} Bxc8 {[%clk 1:04:48]} 20. Rc1 {[%clk 0:50:39]} Bd7
{[%clk 1:01:41]} 21. h4 {[%clk 0:48:14]} Rc8 {[%clk 1:00:22]} 22. Rd1
{[%clk 0:47:19]} Be8 {[%clk 0:56:30]} 23. h5 {[%clk 0:45:20]} Qg5
{[%clk 0:55:57]} 24. Rd4 {[%clk 0:39:31]} Rc1+ {[%clk 0:53:14]} 25. Kh2
{[%clk 0:39:42]} Qe5+ {[%clk 0:52:29]} 26. Rf4 {[%clk 0:40:01]} Rc3
{[%clk 0:51:17]} 27. Qe4 {[%clk 0:37:37]} Qxe4 {[%clk 0:51:42]} 28. Rxe4
{[%clk 0:37:42]} Kf8 {[%clk 0:52:04]} 29. Rd4 {[%clk 0:33:21]} h6
{[%clk 0:51:25]} 30. f3 {[%clk 0:32:21]} Rc5 {[%clk 0:49:26]} 31. g4
{[%clk 0:32:08]} f6 {[%clk 0:49:28]} 32. Kg3 {[%clk 0:32:08]} a5 {[%clk 0:47:05]}
33. Kf4 {[%clk 0:31:05]} b5 {[%clk 0:47:12]} 34. Rd2 {[%clk 0:29:29]} b4
{[%clk 0:46:44]} 35. Ke4 {[%clk 0:29:22]} Ke7 {[%clk 0:47:03]} 36. Kd4
{[%clk 0:29:07]} Kd6 {[%clk 0:47:18]} 37. Bc4 {[%clk 0:28:38]} Bc6
{[%clk 0:46:08]} 38. f4 {[%clk 0:28:07]} f5 {[%clk 0:42:04]} 39. gxf5
{[%clk 0:27:23]} Rxf5 {[%clk 0:41:08]} 40. Ke3+ {[%clk 0:27:22]} Kc5
{[%clk 0:40:48]} 41. Be2 {[%clk 0:26:08]} Rf7 {[%clk 0:35:12]} 42. Rc2+
{[%clk 0:25:26]} Kb6 {[%clk 0:35:28]} 43. Bd3 {[%clk 0:25:37]} Re7+
{[%clk 0:34:22]} 44. Kd4 {[%clk 0:24:05]} Rd7+ {[%clk 0:34:22]} 45. Ke3
{[%clk 0:24:23]} Bd5 {[%clk 0:31:29]} 46. f5 {[%clk 0:19:01]} a4 {[%clk 0:25:50]}
47. Rf2 {[%clk 0:19:01]} Rd6 {[%clk 0:23:52]} 48. Rf4 {[%clk 0:18:00]} Kc5
{[%clk 0:23:54]} 49. a3 {[%clk 0:17:53]} bxa3 {[%clk 0:23:21]} 50. Rxa4
{[%clk 0:17:50]} a2 {[%clk 0:23:39]} 0-1

[Event "Ch_SFO"]
[Site "?"]
[Date "2018.03.18"]
[Round "5.15"]
[White "Beletsky, Alexey"]
[Black "Zhukov, Ivan"]
[Result "1-0"]
[BlackElo "1939"]
[WhiteElo "2370"]
[LiveChessVersion "1.4.8"]

1. g3 {[%clk 1:30:55]} Nf6 {[%clk 1:30:53]} 2. Bg2 {[%clk 1:31:19]} g6
{[%clk 1:31:17]} 3. c4 {[%clk 1:31:38]} Bg7 {[%clk 1:31:41]} 4. Nf3
{[%clk 1:31:55]} O-O {[%clk 1:32:00]} 5. O-O {[%clk 1:32:20]} d6 {[%clk 1:32:25]}
6. Nc3 {[%clk 1:32:22]} e5 {[%clk 1:32:38]} 7. d3 {[%clk 1:32:44]} Nc6
{[%clk 1:32:58]} 8. Rb1 {[%clk 1:32:57]} a5 {[%clk 1:33:13]} 9. a3
{[%clk 1:33:07]} Re8 {[%clk 1:29:58]} 10. Bg5 {[%clk 1:33:20]} h6
{[%clk 1:26:47]} 11. Bxf6 {[%clk 1:33:44]} Bxf6 {[%clk 1:27:01]} 12. b4
{[%clk 1:33:30]} Be6 {[%clk 1:23:57]} 13. Ne1 {[%clk 1:30:40]} axb4
{[%clk 1:13:33]} 14. axb4 {[%clk 1:31:04]} Ra3 {[%clk 1:13:12]} 15. Qc1
{[%clk 1:29:23]} Ra8 {[%clk 1:06:46]} 16. b5 {[%clk 1:28:09]} Na5
{[%clk 1:05:39]} 17. Nc2 {[%clk 1:25:01]} Bg7 {[%clk 1:02:53]} 18. Nb4
{[%clk 1:24:45]} Bd7 {[%clk 0:58:36]} 19. Qc2 {[%clk 1:16:13]} f5
{[%clk 0:56:15]} 20. Nbd5 {[%clk 1:12:05]} c6 {[%clk 0:39:25]} 21. Nb6
{[%clk 1:01:47]} Ra7 {[%clk 0:34:21]} 22. Nxd7 {[%clk 1:00:42]} Qxd7
{[%clk 0:34:44]} 23. Rb4 {[%clk 1:00:17]} Qe7 {[%clk 0:30:27]} 24. Ra4
{[%clk 0:56:43]} e4 {[%clk 0:26:49]} 25. dxe4 {[%clk 0:55:46]} Qe5
{[%clk 0:25:55]} 26. Rc1 {[%clk 0:53:44]} Qxc3 {[%clk 0:21:59]} 27. Qxc3
{[%clk 0:54:09]} Bxc3 {[%clk 0:22:25]} 28. Rxc3 {[%clk 0:54:34]} fxe4
{[%clk 0:22:33]} 29. Rca3 {[%clk 0:48:56]} b6 {[%clk 0:21:46]} 30. bxc6
{[%clk 0:48:53]} Rc7 {[%clk 0:19:47]} 31. Re3 {[%clk 0:47:17]} Rce7
{[%clk 0:16:26]} 32. c7 {[%clk 0:42:33]} Kg7 {[%clk 0:13:19]} 33. Rxe4
{[%clk 0:41:00]} Rxe4 {[%clk 0:13:45]} 34. Bxe4 {[%clk 0:41:24]} Rc8
{[%clk 0:14:12]} 35. Rb4 {[%clk 0:41:08]} Rxc7 {[%clk 0:14:33]} 36. Bd5
{[%clk 0:41:25]} Kf6 {[%clk 0:12:19]} 37. Rxb6 {[%clk 0:40:53]} Ke7
{[%clk 0:12:43]} 38. Rb4 {[%clk 0:40:51]} Rc5 {[%clk 0:12:48]} 39. Rb5
{[%clk 0:32:38]} g5 {[%clk 0:12:35]} 40. f4 {[%clk 0:32:20]} Kf6 {[%clk 0:12:26]}
41. e4 {[%clk 0:32:37]} gxf4 {[%clk 0:11:37]} 42. gxf4 {[%clk 0:32:55]} h5
{[%clk 0:11:59]} 43. Kf2 {[%clk 0:31:54]} h4 {[%clk 0:12:14]} 44. h3
{[%clk 0:30:30]} Ke7 {[%clk 0:12:31]} 45. Kf3 {[%clk 0:29:04]} 1-0

[Event "Ch_SFO"]
[Site "?"]
[Date "2018.03.18"]
[Round "5.16"]
[White "Salchak, Dolaan"]
[Black "Maleev, Pavel"]
[Result "0-1"]
[BlackElo "2303"]
[WhiteElo "2169"]
[LiveChessVersion "1.4.8"]

1. d4 {[%clk 1:30:58]} Nf6 {[%clk 1:30:52]} 2. c4 {[%clk 1:31:26]} Nc6
{[%clk 1:31:02]} 3. Nf3 {[%clk 1:31:01]} e6 {[%clk 1:31:27]} 4. e3
{[%clk 1:27:59]} Bb4+ {[%clk 1:30:09]} 5. Bd2 {[%clk 1:27:35]} Bxd2+
{[%clk 1:30:27]} 6. Nbxd2 {[%clk 1:27:39]} O-O {[%clk 1:29:48]} 7. Rc1
{[%clk 1:27:45]} d6 {[%clk 1:29:27]} 8. Bd3 {[%clk 1:22:28]} e5 {[%clk 1:29:44]}
9. O-O {[%clk 1:22:31]} Re8 {[%clk 1:29:03]} 10. dxe5 {[%clk 1:20:53]} dxe5
{[%clk 1:28:59]} 11. Ne4 {[%clk 1:19:43]} Bg4 {[%clk 0:50:02]} 12. Nxf6+
{[%clk 1:14:34]} Qxf6 {[%clk 0:50:19]} 13. Be4 {[%clk 1:15:03]} Rab8
{[%clk 0:40:59]} 14. Qa4 {[%clk 1:10:03]} Bf5 {[%clk 0:39:51]} 15. c5
{[%clk 1:09:25]} Bxe4 {[%clk 0:36:51]} 16. Qxe4 {[%clk 1:09:49]} Qg6
{[%clk 0:35:36]} 17. Qxg6 {[%clk 1:04:15]} hxg6 {[%clk 0:36:00]} 18. e4
{[%clk 1:02:47]} Rbd8 {[%clk 0:35:03]} 19. Rfd1 {[%clk 1:01:55]} f6
{[%clk 0:35:23]} 20. a3 {[%clk 1:01:54]} Rxd1+ {[%clk 0:31:59]} 21. Rxd1
{[%clk 1:02:20]} Rd8 {[%clk 0:32:27]} 22. Rxd8+ {[%clk 1:01:57]} Nxd8
{[%clk 0:32:52]} 23. b4 {[%clk 1:01:56]} a5 {[%clk 0:32:44]} 24. Nd2
{[%clk 1:01:28]} axb4 {[%clk 0:27:39]} 25. axb4 {[%clk 1:01:51]} Kf7
{[%clk 0:27:44]} 26. Nc4 {[%clk 0:58:52]} Ke7 {[%clk 0:26:02]} 27. Kf1
{[%clk 0:58:56]} Kd7 {[%clk 0:26:13]} 28. Ke2 {[%clk 0:56:51]} Nc6
{[%clk 0:26:31]} 29. Ke3 {[%clk 0:43:50]} Nxb4 {[%clk 0:26:51]} 30. Na5
{[%clk 0:44:18]} Nc6 {[%clk 0:26:07]} 31. Nb3 {[%clk 0:44:32]} Nd8
{[%clk 0:26:05]} 32. Kd3 {[%clk 0:42:17]} Kc6 {[%clk 0:23:48]} 33. Kc4
{[%clk 0:42:36]} b6 {[%clk 0:24:14]} 34. cxb6 {[%clk 0:37:49]} cxb6
{[%clk 0:24:38]} 35. g3 {[%clk 0:37:47]} b5+ {[%clk 0:22:12]} 36. Kc3
{[%clk 0:34:54]} Ne6 {[%clk 0:20:41]} 37. h4 {[%clk 0:33:41]} Nc5
{[%clk 0:19:47]} 38. Nd2 {[%clk 0:34:01]} Kb6 {[%clk 0:18:50]} 39. f4
{[%clk 0:32:16]} exf4 {[%clk 0:16:17]} 40. gxf4 {[%clk 0:32:45]} Kc6
{[%clk 0:16:37]} 41. Kd4 {[%clk 0:31:27]} Ne6+ {[%clk 0:16:09]} 42. Ke3
{[%clk 0:31:53]} Nc5 {[%clk 0:12:09]} 43. Kd4 {[%clk 0:30:08]} Ne6+
{[%clk 0:09:57]} 44. Ke3 {[%clk 0:30:35]} Kc5 {[%clk 0:10:18]} 45. f5
{[%clk 0:25:41]} gxf5 {[%clk 0:10:22]} 46. exf5 {[%clk 0:26:11]} Nd4
{[%clk 0:10:36]} 47. Kf4 {[%clk 0:26:14]} b4 {[%clk 0:10:56]} 48. h5
{[%clk 0:24:44]} b3 {[%clk 0:09:27]} 49. Ke4 {[%clk 0:17:25]} b2 {[%clk 0:09:40]}
50. Nb1 {[%clk 0:16:37]} Nb5 {[%clk 0:09:13]} 51. Kd3 {[%clk 0:15:03]} Kb4
{[%clk 0:07:42]} 52. Kc2 {[%clk 0:15:24]} Na3+ {[%clk 0:07:54]} 53. Nxa3
{[%clk 0:14:53]} Kxa3 {[%clk 0:08:19]} 54. Kb1 {[%clk 0:15:21]} Kb4
{[%clk 0:08:42]} 55. Kxb2 {[%clk 0:15:15]} Kc4 {[%clk 0:09:07]} 0-1

[Event "Ch_SFO"]
[Site "?"]
[Date "2018.03.18"]
[Round "5.17"]
[White "Tsybikov, Tumen"]
[Black "Grachev, Alexey"]
[Result "1/2-1/2"]
[BlackElo "2088"]
[WhiteElo "2213"]
[LiveChessVersion "1.4.8"]

1. e4 {[%clk 1:30:49]} c5 {[%clk 1:30:52]} 2. Nf3 {[%clk 1:31:13]} Nc6
{[%clk 1:31:17]} 3. d4 {[%clk 1:31:39]} cxd4 {[%clk 1:31:44]} 4. Nxd4
{[%clk 1:32:04]} g6 {[%clk 1:32:02]} 5. Nc3 {[%clk 1:32:29]} Bg7 {[%clk 1:32:26]}
6. Be3 {[%clk 1:32:53]} Nf6 {[%clk 1:32:48]} 7. Nxc6 {[%clk 1:32:31]} bxc6
{[%clk 1:33:09]} 8. e5 {[%clk 1:32:57]} Ng8 {[%clk 1:33:03]} 9. f4
{[%clk 1:33:08]} f6 {[%clk 1:33:28]} 10. e6 {[%clk 1:33:17]} d5 {[%clk 1:33:48]}
11. f5 {[%clk 1:33:40]} Qd6 {[%clk 1:33:30]} 12. Bd3 {[%clk 1:33:01]} Qe5
{[%clk 1:32:23]} 13. Qe2 {[%clk 1:33:10]} d4 {[%clk 1:31:26]} 14. Be4
{[%clk 1:33:04]} Bb7 {[%clk 1:31:45]} 15. Qf3 {[%clk 1:33:10]} dxc3
{[%clk 1:32:05]} 16. Bxc6+ {[%clk 1:33:32]} Kf8 {[%clk 1:32:29]} 17. Bxb7
{[%clk 1:33:45]} cxb2 {[%clk 1:32:07]} 18. Rb1 {[%clk 1:34:08]} Bh6
{[%clk 1:31:41]} 19. Bxa8 {[%clk 1:34:32]} Bxe3 {[%clk 1:31:46]} 20. Be4
{[%clk 1:34:53]} Bc1 {[%clk 1:18:14]} 21. O-O {[%clk 1:19:55]} Nh6
{[%clk 1:16:12]} 22. h3 {[%clk 1:11:58]} gxf5 {[%clk 0:52:39]} 23. Bxf5
{[%clk 1:08:08]} Nxf5 {[%clk 0:53:02]} 24. Qxf5 {[%clk 1:08:17]} Qxf5
{[%clk 0:53:26]} 25. Rxf5 {[%clk 1:08:35]} Kg7 {[%clk 0:53:51]} 26. Rb5
{[%clk 1:07:46]} Rc8 {[%clk 0:54:09]} 27. R1xb2 {[%clk 1:05:57]} Bxb2
{[%clk 0:54:34]} 28. Rxb2 {[%clk 1:06:21]} Rc6 {[%clk 0:55:02]} 29. Rb7
{[%clk 1:02:58]} Rxe6 {[%clk 0:55:27]} 30. Rxa7 {[%clk 1:03:12]} Kf7
{[%clk 0:55:53]} 31. Rb7 {[%clk 0:59:04]} Ra6 {[%clk 0:48:28]} 32. Rb2
{[%clk 0:59:18]} e5 {[%clk 0:48:51]} 33. c4 {[%clk 0:55:47]} Rc6 {[%clk 0:46:32]}
34. Rc2 {[%clk 0:56:02]} Ke6 {[%clk 0:46:56]} 35. Kf2 {[%clk 0:56:09]} e4
{[%clk 0:44:11]} 36. Ke3 {[%clk 0:46:37]} Ke5 {[%clk 0:44:24]} 37. g4
{[%clk 0:37:39]} f5 {[%clk 0:40:59]} 38. gxf5 {[%clk 0:37:20]} Rh6
{[%clk 0:41:24]} 39. c5 {[%clk 0:23:01]} Rxh3+ {[%clk 0:38:31]} 40. Kd2
{[%clk 0:23:17]} Kxf5 {[%clk 0:33:57]} 1/2-1/2

[Event "Ch_SFO"]
[Site "?"]
[Date "2018.03.18"]
[Round "5.18"]
[White "Kolmagorov, Alexey"]
[Black "Babakekhyan, Artem"]
[Result "1-0"]
[BlackElo "1892"]
[WhiteElo "2175"]
[LiveChessVersion "1.4.8"]

1. d4 {[%clk 1:30:58]} Nf6 {[%clk 1:30:54]} 2. c4 {[%clk 1:31:25]} g6
{[%clk 1:31:19]} 3. Nc3 {[%clk 1:31:53]} d5 {[%clk 1:31:45]} 4. cxd5
{[%clk 1:32:20]} Nxd5 {[%clk 1:32:11]} 5. Bd2 {[%clk 1:32:47]} Bg7
{[%clk 1:31:30]} 6. e4 {[%clk 1:33:13]} Nb6 {[%clk 1:31:15]} 7. Be3
{[%clk 1:33:35]} O-O {[%clk 1:30:42]} 8. h3 {[%clk 1:33:58]} e5 {[%clk 1:28:20]}
9. Nf3 {[%clk 1:34:17]} Nc6 {[%clk 1:24:41]} 10. d5 {[%clk 1:26:57]} Ne7
{[%clk 1:24:03]} 11. a4 {[%clk 1:12:20]} Bd7 {[%clk 1:23:59]} 12. Qb3
{[%clk 1:07:27]} Qb8 {[%clk 1:20:29]} 13. Be2 {[%clk 1:00:02]} c6
{[%clk 1:12:31]} 14. Bc5 {[%clk 0:55:13]} Re8 {[%clk 1:07:48]} 15. a5
{[%clk 0:48:54]} Nbc8 {[%clk 1:06:47]} 16. d6 {[%clk 0:42:53]} Nxd6
{[%clk 1:04:31]} 17. Rd1 {[%clk 0:31:15]} Be6 {[%clk 1:03:29]} 18. Qa3
{[%clk 0:31:38]} Ndc8 {[%clk 1:02:28]} 19. Ng5 {[%clk 0:31:50]} Qc7
{[%clk 0:57:35]} 20. Nxe6 {[%clk 0:31:13]} fxe6 {[%clk 0:58:04]} 21. Bc4
{[%clk 0:27:15]} Kf7 {[%clk 0:57:37]} 22. Bxe6+ {[%clk 0:18:49]} Kxe6
{[%clk 0:49:42]} 23. Qb3+ {[%clk 0:19:12]} Kf6 {[%clk 0:49:56]} 24. Rd3
{[%clk 0:19:39]} Bh6 {[%clk 0:39:34]} 25. Rf3+ {[%clk 0:20:04]} Bf4
{[%clk 0:40:02]} 26. g3 {[%clk 0:18:59]} g5 {[%clk 0:39:38]} 27. gxf4
{[%clk 0:17:19]} Nd6 {[%clk 0:35:09]} 28. fxg5+ {[%clk 0:07:50]} Kg7
{[%clk 0:35:05]} 29. Qe6 {[%clk 0:06:40]} Rad8 {[%clk 0:34:12]} 30. Qxe5+
{[%clk 0:06:53]} Kg8 {[%clk 0:32:46]} 31. Qe6+ {[%clk 0:07:19]} Nf7
{[%clk 0:33:08]} 32. Rxf7 {[%clk 0:06:47]} Nf5 {[%clk 0:32:40]} 33. Re7+
{[%clk 0:06:57]} Kh8 {[%clk 0:32:54]} 34. Qf6+ {[%clk 0:07:14]} 1-0

[Event "Ch_SFO"]
[Site "?"]
[Date "2018.03.18"]
[Round "5.19"]
[White "Telelyaev, Alexander"]
[Black "Nevostrujev, Vladimir"]
[Result "0-1"]
[BlackElo "2419"]
[WhiteElo "2009"]
[LiveChessVersion "1.4.8"]

1. d4 {[%clk 1:30:56]} Nf6 {[%clk 1:30:59]} 2. Bg5 {[%clk 1:31:14]} c5
{[%clk 1:31:10]} 3. Bxf6 {[%clk 1:31:32]} gxf6 {[%clk 1:31:39]} 4. d5
{[%clk 1:31:45]} d6 {[%clk 1:31:56]} 5. c4 {[%clk 1:31:24]} Bg7 {[%clk 1:32:14]}
6. Nc3 {[%clk 1:31:43]} f5 {[%clk 1:32:42]} 7. e3 {[%clk 1:30:48]} O-O
{[%clk 1:30:20]} 8. Nge2 {[%clk 1:28:42]} b5 {[%clk 1:29:43]} 9. cxb5
{[%clk 1:28:09]} a6 {[%clk 1:30:12]} 10. bxa6 {[%clk 1:22:34]} Qa5
{[%clk 1:25:29]} 11. Qd2 {[%clk 1:22:37]} Nxa6 {[%clk 1:23:58]} 12. Nf4
{[%clk 1:18:26]} Rb8 {[%clk 1:19:30]} 13. Be2 {[%clk 1:17:39]} Rxb2
{[%clk 1:19:54]} 0-1

[Event "Ch_SFO"]
[Site "?"]
[Date "2018.03.18"]
[Round "5.20"]
[White "Kardashevskiy, Evgeny"]
[Black "Minachev, Maksim"]
[Result "1-0"]
[BlackElo "1990"]
[WhiteElo "2411"]
[LiveChessVersion "1.4.8"]

1. d4 {[%clk 1:30:56]} d5 {[%clk 1:30:55]} 2. Nf3 {[%clk 1:31:20]} Nf6
{[%clk 1:31:20]} 3. c4 {[%clk 1:31:44]} e6 {[%clk 1:31:47]} 4. Nc3
{[%clk 1:32:09]} Bb4 {[%clk 1:31:46]} 5. Qa4+ {[%clk 1:32:25]} Nc6
{[%clk 1:32:07]} 6. e3 {[%clk 1:32:49]} O-O {[%clk 1:27:56]} 7. Qc2
{[%clk 1:33:10]} Re8 {[%clk 1:16:57]} 8. a3 {[%clk 1:33:07]} Bxc3+
{[%clk 1:17:06]} 9. Qxc3 {[%clk 1:30:42]} e5 {[%clk 0:45:12]} 10. Nxe5
{[%clk 1:29:57]} Nxe5 {[%clk 0:45:36]} 11. dxe5 {[%clk 1:30:21]} Ne4
{[%clk 0:46:01]} 12. Qd4 {[%clk 1:29:09]} c5 {[%clk 0:45:00]} 13. Qxd5
{[%clk 1:28:32]} Qxd5 {[%clk 0:45:23]} 14. cxd5 {[%clk 1:28:59]} Rxe5
{[%clk 0:45:48]} 15. f3 {[%clk 1:20:13]} Nf6 {[%clk 0:45:00]} 16. e4
{[%clk 1:20:20]} Nxd5 {[%clk 0:44:01]} 17. Kf2 {[%clk 1:20:40]} Nf6
{[%clk 0:40:47]} 18. Bf4 {[%clk 1:20:18]} Re8 {[%clk 0:39:17]} 19. Bd6
{[%clk 1:17:21]} Be6 {[%clk 0:28:07]} 20. Bb5 {[%clk 1:05:33]} Red8
{[%clk 0:23:44]} 21. Rhd1 {[%clk 1:05:38]} Bb3 {[%clk 0:20:30]} 22. Rd2
{[%clk 1:05:29]} c4 {[%clk 0:17:59]} 23. e5 {[%clk 1:05:32]} Nh5 {[%clk 0:15:49]}
24. Rd4 {[%clk 1:02:35]} Rac8 {[%clk 0:13:01]} 25. Rc1 {[%clk 0:55:00]} a6
{[%clk 0:08:27]} 26. Bxc4 {[%clk 0:54:58]} b5 {[%clk 0:08:26]} 27. Bxb3
{[%clk 0:46:34]} Rxc1 {[%clk 0:08:50]} 28. g4 {[%clk 0:46:55]} Rb1
{[%clk 0:06:23]} 29. Ke3 {[%clk 0:45:25]} Rxb2 {[%clk 0:06:28]} 30. Bd1
{[%clk 0:45:44]} Nf6 {[%clk 0:05:36]} 31. exf6 {[%clk 0:44:50]} gxf6
{[%clk 0:05:51]} 32. Bb4 {[%clk 0:36:53]} Re8+ {[%clk 0:04:12]} 33. Kf4
{[%clk 0:36:47]} Rxh2 {[%clk 0:03:36]} 34. Bb3 {[%clk 0:36:42]} Rb2
{[%clk 0:02:58]} 35. Bd5 {[%clk 0:36:29]} Rc2 {[%clk 0:02:59]} 36. Be4
{[%clk 0:35:11]} Rc4 {[%clk 0:01:16]} 37. Rd6 {[%clk 0:34:53]} Kg7
{[%clk 0:00:48]} 38. Rxa6 {[%clk 0:34:48]} h5 {[%clk 0:01:08]} 39. gxh5
{[%clk 0:34:52]} Rh8 {[%clk 0:01:25]} 40. Rc6 {[%clk 0:32:53]} Rxc6
{[%clk 0:00:48]} 41. Bxc6 {[%clk 0:31:36]} Rxh5 {[%clk 0:01:16]} 42. Ke4
{[%clk 0:31:31]} Kg6 {[%clk 0:00:57]} 43. f4 {[%clk 0:31:42]} f5+
{[%clk 0:01:10]} 44. Ke5 {[%clk 0:31:05]} Rh4 {[%clk 0:01:05]} 45. Bd6
{[%clk 0:30:59]} Rh3 {[%clk 0:00:42]} 46. Bxb5 {[%clk 0:31:05]} f6+
{[%clk 0:01:04]} 47. Kd5 1-0